Movie Franchises by Directors - Statistics

General Stats
  • This quiz has been taken 77 times
  • The average score is 10 of 15
Answer Stats
Directors Franchises % Correct
Tim BurtonJoel Schumacher Christopher Nolan Zack Snyder Matt Reeves Batman
96%
George LucasIrvin Kershner Richard Marquand Dave Filoni J.J. Abrams Gareth Edwards Rian Johnson Ron Howard Jon Favreau Star Wars/A Star Wars Story
96%
Ridley ScottJames Cameron John McTiernan Stephen Hopkins David Fincher Jean-Pierre Jeunet Paul W.S. Anderson Greg & Colin Strause Nimród Antal Shane Black Dan Trachtenberg Fede Álvarez Alien/Predator
82%
Robert WiseNicholas Meyer Leonard Nimoy William Shatner David Carson Jonathan Frakes Stuart Baird J.J. Abrams Justin Lin Olatunde Osunsanmi Star Trek
82%
Steven SpielbergJames Mangold Indiana Jones
79%
Richard DonnorRichard Lester Jeannot Szwarc Sidney J. Furie Bryan Singer Zack Snyder James Gunn Craig Gillespie Superman/Supergirl
77%
Steven SpielbergJoe Johnston Colin Trevorrow J.A. Bayona Gareth Edwards Jurassic Park/Jurassic World
75%
Terence YoungGuy Hamilton Lewis Gilbert Peter R. Hunt John Glen Irvin Kershner Martin Campbell Roger Spottiswoode Michael Apted Lee Tamahori Marc Forster Sam Mendes Cary Joji Fukunaga James Bond/007
61%
James Cameron Jonathan Mostow McG Alan Taylor Tim Miller The Terminator
60%
Steven SpielbergJeannot Szwarc Joe Alves Joseph Sargent Jaws
56%
Brian de PalmaJohn Woo J.J. Abrams Brad Bird Christopher McQuarrie Mission: Impossible
56%
Ivan ReitmanPaul Feig Jason Reitman Ghostbusters
53%
Rob CohenJohn Singleton Justin Lin James Wan F. Gary Gray David Leitch Louis Leterrier Fast and Furious/The Fast and the Furious
51%
Tony ScottJoseph Kosinski Top Gun
46%
Franklin J. SchaffnerTed Post Don Taylor J. Lee Thompson Tim Burton Rupert Wyatt Matt Reeves Wes Ball Planet of the Apes
44%
No matching quizzes found
Score Distribution
Percent of People with Each Score
Percentile by Number Answered
Your Score History
You have not taken this quiz